| 000 | 00699nam a2200205 i 4500 | ||
|---|---|---|---|
| 001 | 141970 | ||
| 003 | ES-MaACL | ||
| 005 | 20230906200419.0 | ||
| 007 | t| | ||
| 008 | 071001s1961 sp ||||1| spa d | ||
| 080 | _a(038)=134.2=134.3 | ||
| 100 | 1 |
_aViqueira Barreiro, José María. _9115426 |
|
| 245 | 1 | 0 |
_aDiccionario español-portugués y portugués-español / _cJosé María Viqueira Barreiro. |
| 260 |
_aMadrid : _bAguilar, _c1961. |
||
| 300 |
_aXI, 1230 p. ; _c16 cm. |
||
| 650 | 4 |
_aLengua portuguesa- _vDiccionarios- _xEspañol. _914314 |
|
| 650 | 0 | 4 |
_aLengua española- _vDiccionarios- _xPortugués. _914146 |
| 852 | 4 |
_aES-MaACL _jC-20878 _9R.49287 |
|
| 852 | 4 |
_aES-MaACL _jC-40772 _9R.71137 |
|
| 999 |
_c141970 _d141970 |
||